Vista normal
Vista MARC
Entrada Personal Name
Número de registros utilizados en: 1
001 - CONTROL NUMBER
- control field: 4357
003 - CONTROL NUMBER IDENTIFIER
- control field: OSt
005 - DATE AND TIME OF LATEST TRANSACTION
- control field: 20200514130904.0
008 - FIXED-LENGTH DATA ELEMENTS
- fixed length control field: 200514|| aca||aabn | a|a d
040 ## - CATALOGING SOURCE
- Original cataloging agency: OSt
- Transcribing agency: OSt
100 ## - HEADING--PERSONAL NAME
- Personal name: Panman, Alexandra,
670 ## - SOURCE DATA FOUND
- Source citation: Work cat.: (OSt)3656: Samad, Taimur, editor 4352, Colombia urbanization review : , 2012